Normal view
MARC view
- F. James Holler, Stanley R. Crouch
Entry Personal Name
001 - CONTROL NUMBER
- control field: 11049
003 - CONTROL NUMBER IDENTIFIER
- control field: NUST
005 - DATE AND TIME OF LATEST TRANSACTION
- control field: 20180606063411.0
008 - FIXED-LENGTH DATA ELEMENTS
- fixed length control field: 180606|| aca||aabn | a|a d
040 ## - CATALOGING SOURCE
- Original cataloging agency: NUST
- Transcribing agency: NUST
100 ## - HEADING--PERSONAL NAME
- Personal name: F. James Holler, Stanley R. Crouch
670 ## - SOURCE DATA FOUND
- Source citation: Work cat.: (NUST): F. James Holler, Stanley R. Crouch , Skoog and West's Fundamentals of Analytical Chemistry , 2014
